| 000 | 00635nam a22002297a 4500 | ||
|---|---|---|---|
| 003 | OSt | ||
| 005 | 20140310182947.0 | ||
| 008 | 130205t xxu||||| |||| 00| 0 eng d | ||
| 020 | _a9789715846486 | ||
| 050 |
_aDS 675 _b.F146 2008 |
||
| 082 |
_aFIL 920 _b.F12 2008 |
||
| 245 |
_aA workbook for a course in Rizal / _cFadul, Jose A. |
||
| 250 | _aSecond edition, expanded | ||
| 260 |
_aManila : _bDe La Salle University Press, _cc2002 |
||
| 300 |
_axiii, 122 p. : _c22 x 29 cm. _bill. ; |
||
| 521 | _acollege students | ||
| 526 | _c1210L-1700L | ||
| 541 | _j1 | ||
| 541 | _j2 | ||
| 562 | _e2 | ||
| 942 |
_2lcc _cBK _kFIL |
||
| 999 |
_c17827 _d17827 |
||